CONSTRUCTION PLANNING AND MANAGEMENT (Record no. 5379)

MARC details
000 -LEADER
fixed length control field 00387nam a22001577a 4500
005 - DATE AND TIME OF LATEST TRANSACTION
control field 20210713114935.0
008 - FIXED-LENGTH DATA ELEMENTS--GENERAL INFORMATION
fixed length control field 170401b xxu||||| |||| 00| 0 eng d
020 ## - INTERNATIONAL STANDARD BOOK NUMBER
ISBN 978-81-7515-246-5
041 ## - LANGUAGE CODE
Language code of text/sound track or separate title eng
100 ## - MAIN ENTRY--AUTHOR NAME
Personal name SHRIVASTAVA,DR.U.K
245 ## - TITLE STATEMENT
Title CONSTRUCTION PLANNING AND MANAGEMENT
260 ## - PUBLICATION, DISTRIBUTION, ETC. (IMPRINT)
Name of publisher GALGOTIA
Year of publication 1999
300 ## - PHYSICAL DESCRIPTION
Number of Pages 528
650 ## - SUBJECT ADDED ENTRY--TOPICAL TERM
Topical Term ENGINEERING
942 ## - ADDED ENTRY ELEMENTS (KOHA)
Koha item type Books
Holdings
Lost status Damaged status Collection code Home library Current library Shelving location Date acquired Source of acquisition Cost, normal purchase price Full call number Accession Number Koha item type
    Reference JRU Library   SHELF-6-D 30/04/2017 PUCHASE 230.00 624.068 5 21601 Books
    MINING JRU Library JRU Library SHELF-100-D 30/04/2017 PUCHASE 230.00 624.068 5 21602 Books